Antická ekonomika. Primitivistický vs. modernistický explanačný model

Základné charakteristiky dvoch explanačných rámcov a modelov historiografie antickej ekonomiky, ktoré sa konštituovali v priebehu 19. storočia, a ktoré predstavujú teoretické východiská súčasných interpretácií.

Saved in:
Bibliographic Details
Main Author: Škvrnda, František, ml., 1987-
Format: Book Chapter
Language:Slovak
Subjects:
Tags: Add Tag
No Tags, Be the first to tag this record!

MARC

LEADER 00000naa$a2200000$$$4500
001 0290440
005 20260226125043.6
041 0 |a slo 
044 |a SK 
245 1 0 |a Antická ekonomika. Primitivistický vs. modernistický explanačný model  |c František Škvrnda ml. 
520 |a Základné charakteristiky dvoch explanačných rámcov a modelov historiografie antickej ekonomiky, ktoré sa konštituovali v priebehu 19. storočia, a ktoré predstavujú teoretické východiská súčasných interpretácií. 
610 2 0 |a história 
610 2 0 |a ekonómia 
610 2 0 |a modernizmus 
100 1 |a Škvrnda, František, ml., 1987-